| 000 -ლიდერი |
| ფიქსირებული სიგრძის საკონტროლო ველი |
01514nam a2200277Ia 4500 |
| 001 - საკონტროლო ნომერი |
| საკონტროლო ველი |
1320 |
| 003 - საკონტროლო ნომრის იდენტიფიკატორი |
| საკონტროლო ველი |
GE_BSU |
| 005 - ბოლო ოპერაციის თარიღი და დრო |
| საკონტროლო ველი |
20250616104812.0 |
| 008 - ფიქსირებული სიგრძის მონაცემთა ელემენტები - ზოგადი ინფორმაცია |
| ფიქსირებული სიგრძის საკონტროლო ველი |
181216s2008||||ge |||||||||||||| ||geo|| |
| 020 ## - წიგნის საერთაშორისო სტანდარტული ნომერი |
| International Standard Book Number |
9789941008549 |
| 040 ## - კატალოგიზაციის წყარო |
| Transcribing agency |
GE_BSU |
| 041 ## - ენის კოდი |
| Language code of text/sound track or separate title |
geo |
| 080 ## - უნივერსალური ათობითი კლასიფიკაციის ინდექსი |
| Universal Decimal Classification number |
63(075.8) ს-63 |
| 245 ## - ცნობა სათაურის შესახებ |
| Title |
სოფლის მეურნეობის საფუძვლები : |
| Remainder of title |
[სახელმძღვანელო] ნ.II / |
| Statement of responsibility, etc |
ავტორები : ზაირა ტყებუჩავა, გივი ცაგურიშვილი, ცოტნე სამადაშვილი და სხვ.; [რედ. ი. საათაშვილი]. |
| 264 ## - წარმოების, გამოცემის, დისტრიბუციის და სხვა ცნობები |
| გამოცემის, წარმოების, დისტრიბუციის... ადგილი |
თბილისი: |
| გამოცემის, წარმოების, დისტრიბუციის... სახელწოდება |
საქ. სახ. სასოფლო სამეურნეო უნ-ტი, |
| გამოცემის, წარმოების, დისტრიბუციის... თარიღი |
2008. |
| 300 ## - ფიზიკური აღწერა |
| Extent |
220 გვ. ; |
| Other physical details |
20 სმ. |
| 504 ## - BIBLIOGRAPHY, ETC. NOTE |
| Bibliography, etc |
ბიბლ.:გვ. 217-219 |
| 653 ## - INDEX TERM--UNCONTROLLED |
| Uncontrolled term |
სოფლის მეურნეობა |
| 700 ## - ADDED ENTRY--PERSONAL NAME |
| Personal name |
ტყებუჩავა, ზაირა |
| Relator term |
ავტორი |
| 9 (RLIN) |
25419 |
| 700 ## - ADDED ENTRY--PERSONAL NAME |
| Personal name |
ცაგურიშვილი, გივი |
| Relator term |
ავტორი |
| 9 (RLIN) |
25420 |
| 700 ## - ADDED ENTRY--PERSONAL NAME |
| Personal name |
სამადაშვილი, ცოტნე და სხვ.; |
| 9 (RLIN) |
25421 |
| 700 ## - ADDED ENTRY--PERSONAL NAME |
| Personal name |
საათაშვილი, ი. |
| Relator term |
რედაქტორი |
| 9 (RLIN) |
25422 |
| 710 ## - ADDED ENTRY--CORPORATE NAME |
| Corporate name or jurisdiction name as entry element |
საქ. განათლ. და მეცნ. სამინ, საქ. სას.-სამ. უნ-ტი. |
| 9 (RLIN) |
25423 |
| 942 ## - ADDED ENTRY ELEMENTS (KOHA) |
| Koha item type |
წიგნი |
| Source of classification or shelving scheme |
|